| 000 | 00748nam a2200217Ii 4500 | ||
|---|---|---|---|
| 003 | JO-AjNU | ||
| 008 | 230605s9999||||xx |||||||||||||| ||und|| | ||
| 017 | _a2007/6/1747 | ||
| 040 |
_aJO-AjNU _bara _erda _cJO-AjNU |
||
| 041 | _aara | ||
| 050 | 1 | 4 | _aHD 9940 .J6. S23. 2007 |
| 100 | 3 |
_aصبابحة،صفاء صبح, _eauthor _917332 |
|
| 245 | 0 | 0 | _aسلسلة القيم في صناعة الملابس في الأردن : دراسة في الجغرافية الاقتصادية |
| 250 | _aط1 | ||
| 264 | 3 | 1 | _aعمان:دار المامون،2007 |
| 300 | _a143ص | ||
| 336 |
_atext _btxt _2rdacontent |
||
| 337 |
_aunmediated _bn _2rdamedia |
||
| 338 |
_avolume _bnc _2rdacarrier |
||
| 650 | 4 |
_aالانتاج-صناعة الملابس _917333 |
|
| 999 |
_aA5331 _c8899 _d8899 |
||